00519nam a2200121Ia 4500041001200000082001200012100008500024245014700109260006600256300000900322650003900331650002700370 aEnglish aRS.0800 aSinha, H. KarunauHansraj Jivandas College of Education, Dr. Madhuri Shah Campus 0aAwareness about learning disability among the teachers of different boards in greater Mumbai and Thane district :ba study / cH. Karuna Sinha aNew Delhi :bIndian Council of Social Science Research,c2017 a264p aLearning disabilityzIndiazMumbai aSlow learning children